| 000 | 00428cam a2200169ua 4500 | ||
|---|---|---|---|
| 020 | _cRs.1.00 | ||
| 041 |
_amal _h |
||
| 082 |
_a894.812 2 _bKAR/CH |
||
| 100 | _aKarunakara Menon, Edappalli. | ||
| 245 |
_aChangampuzha marthandan / _cEdappalli. _hTextual Documents |
||
| 260 |
_aKottayam : _bNational Book Stall , _c1956. |
||
| 300 | _a99 ; . | ||
| 365 | _aRs.1.00 | ||
| 504 | _a | ||
| 942 | _cBK | ||
| 999 |
_c606 _d606 |
||